Top Five Countries By Luxury Foods Production - Statistics

General Stats
  • This quiz has been taken 87 times
    85 since last reset
  • The average score is 11 of 17
Answer Stats
Food Country % Correct
Caviar, Foie gras France
97%
Caviar, Truffle Italy
95%
Foie gras, Saffron Spain
93%
Caviar China
84%
Caviar Germany
82%
Saffron Greece
72%
Saffron Iran
65%
Caviar Poland
65%
Foie gras Belgium
62%
Truffle Romania
61%
Truffle Croatia
53%
Foie gras Bulgaria
51%
Foie gras Hungary
51%
Truffle Serbia
51%
Saffron UAE
41%
Truffle Lithuania
35%
Saffron Afghanistan
30%
No matching quizzes found
Score Distribution
Percent of People with Each Score
Percentile by Number Answered
Your Score History
You have not taken this quiz since the last reset